000 00575nam a2200181 4500
001 120245
003 ES-MaACL
005 20230906191509.0
007 t|
008 070214s1965 sp r ||||1| spa d
100 1 _aPiraux, Henri.
_9218685
245 1 4 _aLos isótopos radiactivos y sus aplicaciones industriales /
_cpor H. Piraux ; [traducido por Félix Vidondo Morras].
260 _aMadrid :
_bParaninfo,
_c1965.
300 _a312 p., 24 lám. ;
_c22 cm.
700 1 _aVidondo Morrás, Félix.
_9114553
852 _aES-MaACL
_jC-30711
_bR.60680
999 _c120245
_d120245